MARC

LEADER 00000nam0a2200000 4500
001 294734
005 20231102000731.0
020 |a RU  |b 83-92341 
035 |a (RuTPU)RU\TPU\book\319807 
090 |a 294734 
100 |a 20150515d1983 km y0rusy5003 ca 
101 0 |a rus 
102 |a RU 
105 |a y z 000zy 
200 1 |a Права профсоюзного комитета  |e комментарий  |f под ред. В. З. Щегельского 
210 |a Москва  |c Профиздат  |d 1983 
215 |a 248 с. 
300 |a Авт. указаны на обороте тит. л. 
606 1 |a Профсоюзные организации  |x Организационно-массовая работа  |2 stltpush  |3 (RuTPU)RU\TPU\subj\52965  |9 71351 
610 1 |a профсоюзные комитеты 
610 1 |a первичные организации 
610 1 |a трудовые права 
610 1 |a коллективный договор 
610 1 |a охрана труда 
610 1 |a увольнение 
610 1 |a трудовые споры 
610 1 |a социальное страхование 
610 1 |a гарантии 
686 |a Ф72(2)30  |2 rubbk 
702 1 |a Щегельский  |b В. З.  |g Владимир Захарович  |4 340 
801 0 |a RU  |b RuMRKP  |c 19950704  |g psbo 
801 1 |a RU  |b 63413507  |c 20150515 
801 2 |a RU  |b 63413507  |c 20181102  |g RCR 
942 |c BK